[Event "GBR-ch108 Major Open"]
[Site "Torquay"]
[Date "2022.08.19"]
[Round "7"]
[White "Shaw, Peter"]
[Black "Dignam, Matthew"]
[Result "1/2-1/2"]
[WhiteElo "2117"]
[BlackElo "2080"]
[PlyCount "68"]
[EventDate "2022.08.13"]
[EventType "swiss"]
[EventRounds "9"]
[EventCountry "GBR"]
[SourceTitle "BritBase"]
[Source "John Saunders"]
[SourceDate "2021.06.05"]
[SourceVersion "1"]
[SourceVersionDate "2021.06.05"]
[SourceQuality "1"]

1. d4 Nf6 2. c4 g6 3. Nc3 Bg7 4. e4 d6 5. Nf3 O-O 6. Be2 e5 7. Be3 Ng4 8. Bg5
f6 9. Bh4 Nc6 10. d5 Ne7 11. Nd2 f5 12. O-O Bh6 13. Bxg4 fxg4 14. Qe2 g5 15.
Bg3 Bg7 16. f3 h5 17. fxg4 Bxg4 18. Rxf8+ Qxf8 19. Qe3 Bh6 20. Nb5 h4 21. Bf2
Bd7 22. Nxc7 g4 23. Qe2 Rc8 24. Ne6 Bxe6 25. dxe6 Qf4 26. Nf1 Nc6 27. g3 hxg3
28. hxg3 Qf3 29. Qxf3 gxf3 30. Rd1 Bf8 31. Nh2 Nd8 32. b3 b5 33. Nxf3 bxc4 34.
bxc4 Rxc4 1/2-1/2

[Event "GBR-ch108 Major Open"]
[Site "Torquay"]
[Date "2022.08.19"]
[Round "7"]
[White "Midhun, P U."]
[Black "Jakhria, Kushal"]
[Result "1-0"]
[WhiteElo "1965"]
[BlackElo "1367"]
[PlyCount "67"]
[EventDate "2022.08.13"]
[EventType "swiss"]
[EventRounds "9"]
[EventCountry "GBR"]
[SourceTitle "BritBase"]
[Source "John Saunders"]
[SourceDate "2021.06.05"]
[SourceVersion "1"]
[SourceVersionDate "2021.06.05"]
[SourceQuality "1"]

1. Nf3 d5 2. b4 g6 3. Bb2 Nf6 4. g3 Bg7 5. Bg2 O-O 6. O-O Nbd7 7. d3 Re8 8.
Nbd2 e5 9. e4 d4 10. c3 c5 11. Nc4 b5 12. Nd6 Re6 13. bxc5 Nxc5 14. cxd4 Rxd6
15. dxc5 Rxd3 16. Qc2 Bg4 17. Nxe5 Rd2 18. Qc1 Be2 19. Nc6 Qd7 20. Re1 Ng4 21.
Bxg7 Kxg7 22. Qc3+ f6 23. e5 Rf8 24. e6 Qd3 25. Qxd3 Bxd3 26. Rad1 Rxd1 27.
Rxd1 Bc4 28. Rd7+ Kg8 29. Ne7+ Kh8 30. Nd5 Re8 31. h3 Ne5 32. Nxf6 Nxd7 33.
exd7 Rf8 34. Ne8 1-0

[Event "GBR-ch108 Major Open"]
[Site "Torquay"]
[Date "2022.08.19"]
[Round "7"]
[White "James, Russell A"]
[Black "Koiza, Peter"]
[Result "1/2-1/2"]
[WhiteElo "2033"]
[BlackElo "1781"]
[PlyCount "66"]
[EventDate "2022.08.13"]
[EventType "swiss"]
[EventRounds "9"]
[EventCountry "GBR"]
[SourceTitle "BritBase"]
[Source "John Saunders"]
[SourceDate "2021.06.05"]
[SourceVersion "1"]
[SourceVersionDate "2021.06.05"]
[SourceQuality "1"]

1. e4 c6 2. d4 d5 3. exd5 cxd5 4. c4 Nf6 5. Nc3 g6 6. Qb3 Bg7 7. cxd5 O-O 8.
Be2 Na6 9. Bf3 b5 10. d6 Rb8 11. Nge2 b4 12. Nd5 Nxd5 13. Bxd5 Qxd6 14. Bf4 e5
15. Bg3 Nc7 16. Bf3 Be6 17. Qd1 Rfd8 18. O-O Bd5 19. Bxd5 Qxd5 20. Rc1 Ne6 21.
dxe5 Bxe5 22. Qxd5 Rxd5 23. Rfd1 Rbd8 24. Rxd5 Rxd5 25. Bxe5 Rxe5 26. Kf1 Ra5
27. Rc8+ Kg7 28. Nc1 Kf6 29. Rc4 Rc5 30. Rxc5 Nxc5 31. Ke2 Ke5 32. Ke3 a5 33.
f3 Kd5 1/2-1/2

[Event "GBR-ch108 Major Open"]
[Site "Torquay"]
[Date "2022.08.19"]
[Round "7"]
[White "Larkin, Benjamin"]
[Black "Leslie, Alex"]
[Result "1/2-1/2"]
[WhiteElo "1311"]
[BlackElo "1827"]
[PlyCount "43"]
[EventDate "2022.08.13"]
[EventType "swiss"]
[EventRounds "9"]
[EventCountry "GBR"]
[SourceTitle "BritBase"]
[Source "John Saunders"]
[SourceDate "2021.06.05"]
[SourceVersion "1"]
[SourceVersionDate "2021.06.05"]
[SourceQuality "1"]

1. e4 c5 2. Nf3 d6 3. d4 cxd4 4. Nxd4 Nf6 5. Nc3 g6 6. Be3 Bg7 7. f3 O-O 8. Qd2
Nc6 9. O-O-O d5 10. Kb1 Nxd4 11. e5 Nf5 12. exf6 exf6 13. Nxd5 Nxe3 14. Qxe3
Be6 15. Bc4 f5 16. Nc3 Qf6 17. Bxe6 fxe6 18. Rd6 Rfe8 19. Re1 Kf7 20. Qc5 b6
21. Rd7+ Re7 22. Qc6 1/2-1/2

[Event "GBR-ch108 Major Open"]
[Site "Torquay"]
[Date "2022.08.19"]
[Round "7"]
[White "Norinkeviciute, Rasa"]
[Black "Saunders, Aron"]
[Result "1/2-1/2"]
[WhiteElo "1837"]
[BlackElo "1517"]
[PlyCount "94"]
[EventDate "2022.08.13"]
[EventType "swiss"]
[EventRounds "9"]
[EventCountry "GBR"]
[SourceTitle "BritBase"]
[Source "John Saunders"]
[SourceDate "2021.06.05"]
[SourceVersion "1"]
[SourceVersionDate "2021.06.05"]
[SourceQuality "1"]

1. c4 c6 2. Nf3 d5 3. e3 Nf6 4. b3 Bg4 5. Bb2 Nbd7 6. Be2 e6 7. h3 Bf5 8. Nc3
Bd6 9. Nh4 Bg6 10. Nxg6 hxg6 11. Bf3 Ne5 12. Be2 g5 13. d4 Ned7 14. Qd3 e5 15.
cxd5 cxd5 16. dxe5 Nxe5 17. Qb5+ Qd7 18. Qxd7+ Kxd7 19. O-O-O Ke6 20. Nb5 Rac8+
21. Kb1 Bc5 22. Nd4+ Bxd4 23. Bxd4 Ne4 24. Rhf1 Nc3+ 25. Bxc3 Rxc3 26. Rd2 Nd7
27. Bf3 Nf6 28. Rfd1 Rc5 29. Kb2 Ke5 30. Rd4 Rhc8 31. R1d2 b5 32. a4 a5 33.
axb5 Rxb5 34. Rc2 Rxc2+ 35. Kxc2 Nd7 36. Be2 Rc5+ 37. Kd2 f5 38. b4 axb4 39.
Rxb4 Nf6 40. Bd3 Ra5 41. f4+ gxf4 42. exf4+ Kd6 43. Bxf5 Ra2+ 44. Bc2 Kc5 45.
Ra4 Ne4+ 46. Kd3 Nf2+ 47. Kd2 Ne4+ 1/2-1/2

[Event "GBR-ch108 Major Open"]
[Site "Torquay"]
[Date "2022.08.19"]
[Round "7"]
[White "Alldritt, Nigel R E"]
[Black "Thatte, Nishchal"]
[Result "1-0"]
[WhiteElo "2049"]
[BlackElo "1850"]
[PlyCount "105"]
[EventDate "2022.08.13"]
[EventType "swiss"]
[EventRounds "9"]
[EventCountry "GBR"]
[SourceTitle "BritBase"]
[Source "John Saunders"]
[SourceDate "2021.06.05"]
[SourceVersion "1"]
[SourceVersionDate "2021.06.05"]
[SourceQuality "1"]

1. d4 Nf6 2. c4 e6 3. g3 d5 4. Nf3 Bb4+ 5. Bd2 Be7 6. Bg2 O-O 7. O-O c6 8. Nc3
dxc4 9. Qc2 Nbd7 10. a4 a5 11. e4 c5 12. Nb5 cxd4 13. Nfxd4 Nb6 14. Bf4 Bc5 15.
Bc7 Qe7 16. e5 Nfd5 17. Bd6 Bxd6 18. Nxd6 f6 19. Nxc4 Nxc4 20. Qxc4 fxe5 21.
Nb5 Nb6 22. Qe4 Nd7 23. Rac1 Ra6 24. Rc7 Qb4 25. Rfc1 Ra8 26. Qxb4 axb4 27. Nd6
Nb6 28. a5 Rxa5 29. Nxc8 Na4 30. Ne7+ Kh8 31. Rxb7 Nxb2 32. Be4 Na4 33. Rxb4
Rc5 34. Rxc5 Nxc5 35. Rc4 Nxe4 36. Rxe4 Re8 37. Rc4 g5 38. Rc8 Rxc8 39. Nxc8
Kg7 40. Kf1 h5 41. Ke2 Kf6 42. Ke3 Kf5 43. h3 g4 44. h4 e4 45. Kd4 e5+ 46. Kd5
Kf6 47. Kxe4 Ke6 48. Nb6 Kf6 49. Nc4 Kg6 50. Kxe5 Kg7 51. Kf5 Kh6 52. Kf6 Kh7
53. Kg5 1-0

[Event "GBR-ch108 Major Open"]
[Site "Torquay"]
[Date "2022.08.19"]
[Round "7"]
[White "Starley, Robert"]
[Black "Novak, Vjekoslav"]
[Result "1-0"]
[WhiteElo "1900"]
[BlackElo "1663"]
[PlyCount "55"]
[EventDate "2022.08.13"]
[EventType "swiss"]
[EventRounds "9"]
[EventCountry "GBR"]
[SourceTitle "BritBase"]
[Source "John Saunders"]
[SourceDate "2021.06.05"]
[SourceVersion "1"]
[SourceVersionDate "2021.06.05"]
[SourceQuality "1"]

1. Nf3 f5 2. c4 Nf6 3. g3 b6 4. Bg2 Bb7 5. O-O e6 6. Nc3 Bb4 7. Qc2 O-O 8. a3
Bxc3 9. Qxc3 d6 10. b4 Qe8 11. Bb2 Nbd7 12. d3 e5 13. Rfe1 Rb8 14. e3 Qh5 15.
Nd2 Bxg2 16. Kxg2 Ne4 17. dxe4 fxe4 18. h3 Rf6 19. g4 Rxf2+ 20. Kxf2 Qxh3 21.
Rf1 Nf6 22. Ke2 Qxg4+ 23. Ke1 h5 24. Qc2 Qh4+ 25. Kd1 Ng4 26. Qxe4 Qh3 27. Rf3
Qh2 28. Kc2 1-0

[Event "GBR-ch108 Major Open"]
[Site "Torquay"]
[Date "2022.08.19"]
[Round "7"]
[White "Johnson, Paul A"]
[Black "Merriman, James"]
[Result "1-0"]
[WhiteElo "1827"]
[BlackElo "1683"]
[PlyCount "81"]
[EventDate "2022.08.13"]
[EventType "swiss"]
[EventRounds "9"]
[EventCountry "GBR"]
[SourceTitle "BritBase"]
[Source "John Saunders"]
[SourceDate "2021.06.05"]
[SourceVersion "1"]
[SourceVersionDate "2021.06.05"]
[SourceQuality "1"]

1. d4 Nf6 2. c4 e6 3. Nf3 c5 4. e3 b6 5. Bd3 cxd4 6. exd4 Bb7 7. O-O Be7 8. Nc3
d5 9. Qe2 O-O 10. Rd1 dxc4 11. Bxc4 Nd5 12. Ne4 Nd7 13. Neg5 N7f6 14. Ne5 h6
15. Ngf3 Rc8 16. Bd2 Bd6 17. Rac1 Qe7 18. a3 Rc7 19. Bd3 Rfc8 20. Rxc7 Rxc7 21.
Bb1 Qe8 22. Rc1 Qa4 23. Rxc7 Bxc7 24. Bd3 a6 25. h3 b5 26. Qe1 Bb6 27. Qc1 b4
28. axb4 Nxb4 29. Bc4 Nbd5 30. b3 Qa2 31. b4 Qa4 32. Qb1 Nc7 33. Bb3 Qe8 34.
Qa2 Nb5 35. Be3 Nd5 36. Nd3 Qa8 37. Nc5 Nxb4 38. Qa4 Nd5 39. Nxb7 Qxb7 40. Bc2
Nbc3 41. Qe8# 1-0

[Event "GBR-ch108 Major Open"]
[Site "Torquay"]
[Date "2022.08.19"]
[Round "7"]
[White "Truman, Richard G"]
[Black "Volovich, Julia"]
[Result "1/2-1/2"]
[WhiteElo "1943"]
[BlackElo "1625"]
[PlyCount "93"]
[EventDate "2022.08.13"]
[EventType "swiss"]
[EventRounds "9"]
[EventCountry "GBR"]
[SourceTitle "BritBase"]
[Source "John Saunders"]
[SourceDate "2021.06.05"]
[SourceVersion "1"]
[SourceVersionDate "2021.06.05"]
[SourceQuality "1"]

1. d4 Nf6 2. c4 g6 3. Nc3 d5 4. cxd5 Nxd5 5. e4 Nxc3 6. bxc3 Bg7 7. Be3 c5 8.
Qd2 O-O 9. Nf3 Bg4 10. Ng5 Qa5 11. Rc1 cxd4 12. cxd4 Qxd2+ 13. Kxd2 h6 14. h3
Bc8 15. Nf3 Rd8 16. Bd3 Nc6 17. Rc4 f5 18. exf5 gxf5 19. Rb1 a6 20. Rb6 Be6 21.
Ra4 Rd7 22. Ke2 Rad8 23. Bc4 Bxc4+ 24. Rxc4 Nxd4+ 25. Nxd4 Bxd4 26. Bxd4 Rxd4
27. Rxd4 Rxd4 28. Rxb7 Kf7 29. Rb6 Ra4 30. Rxh6 Rxa2+ 31. Kf3 e6 32. g4 Ra3+
33. Kf4 fxg4 34. hxg4 Ra4+ 35. Kf3 Ra5 36. Kg3 Rb5 37. Rh7+ Kf6 38. f4 Rb3+ 39.
Kf2 a5 40. Ra7 Ra3 41. Kg2 Ra2+ 42. Kf3 Ra3+ 43. Kg2 Ra4 44. Kf3 Ra1 45. Kg2
Ra2+ 46. Kf3 Ra3+ 47. Kg2 1/2-1/2

[Event "GBR-ch108 Major Open"]
[Site "Torquay"]
[Date "2022.08.19"]
[Round "7"]
[White "Hickman, John E"]
[Black "Sugden, John N"]
[Result "1/2-1/2"]
[WhiteElo "1832"]
[BlackElo "2032"]
[PlyCount "99"]
[EventDate "2022.08.13"]
[EventType "swiss"]
[EventRounds "9"]
[EventCountry "GBR"]
[SourceTitle "BritBase"]
[Source "John Saunders"]
[SourceDate "2021.06.05"]
[SourceVersion "1"]
[SourceVersionDate "2021.06.05"]
[SourceQuality "1"]

1. e4 c6 2. d3 d5 3. Nd2 e5 4. Ngf3 Bd6 5. g3 Nf6 6. Bg2 O-O 7. O-O Na6 8. b3
Re8 9. Bb2 d4 10. h3 c5 11. a4 Nb4 12. Nc4 Bc7 13. Bc1 Nd7 14. Ne1 Nf8 15. Kh2
Rb8 16. f4 exf4 17. gxf4 Ng6 18. Qh5 b6 19. Bd2 Qf6 20. e5 Qh4 21. Qxh4 Nxh4
22. Be4 Bb7 23. Bxb7 Rxb7 24. Bxb4 cxb4 25. Nf3 Nf5 26. Rg1 f6 27. Rae1 Bb8 28.
Re4 Rd7 29. h4 fxe5 30. fxe5 Rd5 31. Rg5 Ne3 32. Nxe3 dxe3 33. Rxe3 Rc5 34. Re2
h6 35. Rf5 g6 36. Rf6 Rexe5 37. Nxe5 Bxe5+ 38. Rxe5 Rxe5 39. Rxg6+ Kf7 40. Rxh6
Re2+ 41. Kg3 Rxc2 42. Rh7+ Kg8 43. Rxa7 Rc3 44. Rb7 Rxd3+ 45. Kf4 Rxb3 46. Rxb6
Rb1 47. Ke3 b3 48. Kd2 Ra1 49. Rxb3 Rxa4 50. Rh3 1/2-1/2

[Event "GBR-ch108 Major Open"]
[Site "Torquay"]
[Date "2022.08.19"]
[Round "7"]
[White "Khoury, Theo"]
[Black "Gardiner, Eric D"]
[Result "0-1"]
[WhiteElo "1444"]
[BlackElo "1915"]
[PlyCount "44"]
[EventDate "2022.08.13"]
[EventType "swiss"]
[EventRounds "9"]
[EventCountry "GBR"]
[SourceTitle "BritBase"]
[Source "John Saunders"]
[SourceDate "2021.06.05"]
[SourceVersion "1"]
[SourceVersionDate "2021.06.05"]
[SourceQuality "1"]

1. e4 e6 2. d4 d5 3. Nc3 Nf6 4. e5 Nfd7 5. Nce2 c5 6. c3 Nc6 7. Nf3 Qb6 8. a3
cxd4 9. cxd4 f6 10. Nf4 fxe5 11. Nxe6 e4 12. Bf4 exf3 13. Nc7+ Kf7 14. Qxf3 Nf6
15. Nxa8 Qxb2 16. Rc1 Bb4+ 17. axb4 Re8+ 18. Be2 Bg4 19. Qd3 Rxe2+ 20. Kf1
Rxf2+ 21. Ke1 Rxf4 22. Qc2 Qxd4 0-1

[Event "GBR-ch108 Major Open"]
[Site "Torquay"]
[Date "2022.08.19"]
[Round "7"]
[White "Garnett, John S"]
[Black "Cox, Toby"]
[Result "0-1"]
[WhiteElo "1916"]
[BlackElo "1702"]
[PlyCount "52"]
[EventDate "2022.08.13"]
[EventType "swiss"]
[EventRounds "9"]
[EventCountry "GBR"]
[SourceTitle "BritBase"]
[Source "John Saunders"]
[SourceDate "2021.06.05"]
[SourceVersion "1"]
[SourceVersionDate "2021.06.05"]
[SourceQuality "1"]

1. c4 f5 2. g3 Nf6 3. Bg2 d6 4. Nc3 g6 5. d3 Bg7 6. e4 O-O 7. Nge2 Nc6 8. O-O
e5 9. exf5 Bxf5 10. d4 Qd7 11. Re1 Bg4 12. f3 Bh3 13. dxe5 Nxe5 14. Nd4 Rae8
15. b3 c5 16. Nde2 Bxg2 17. Kxg2 Nxf3 18. Rf1 Ne5 19. Bf4 Neg4 20. Qd2 Qc6+ 21.
Kg1 Ne4 22. Nxe4 Rxe4 23. Rae1 Rfe8 24. Rf3 Bd4+ 25. Kg2 Bf2 26. Rxf2 Rxf4+ 0-1

[Event "GBR-ch108 Major Open"]
[Site "Torquay"]
[Date "2022.08.19"]
[Round "7"]
[White "Phillips, Owen S"]
[Black "Davis, Cameron"]
[Result "1/2-1/2"]
[WhiteElo "1851"]
[BlackElo "1487"]
[PlyCount "80"]
[EventDate "2022.08.13"]
[EventType "swiss"]
[EventRounds "9"]
[EventCountry "GBR"]
[SourceTitle "BritBase"]
[Source "John Saunders"]
[SourceDate "2021.06.05"]
[SourceVersion "1"]
[SourceVersionDate "2021.06.05"]
[SourceQuality "1"]

1. Nf3 d5 2. b3 c5 3. e4 dxe4 4. Ng5 Nf6 5. Bc4 e6 6. Nc3 a6 7. a4 Nc6 8. Ngxe4
Be7 9. Bb2 b6 10. O-O Bb7 11. Re1 O-O 12. Ng5 Nd4 13. Nce4 h6 14. Nxf6+ Bxf6
15. Ne4 Nf3+ 16. Qxf3 Bxb2 17. Rab1 Bxe4 18. Qxe4 Bf6 19. Bd3 g6 20. Qg4 Bg7
21. h4 h5 22. Qg3 Qb8 23. Qh3 Qf4 24. Rbd1 a5 25. g3 Qd6 26. Re2 Rad8 27. g4
hxg4 28. Qxg4 Qd5 29. Be4 Qh5 30. Qxh5 gxh5 31. Bf3 Rd4 32. Re4 Rfd8 33. Kg2
Rxd2 34. Rxd2 Rxd2 35. Re2 Rd4 36. Re4 Bf6 37. Rxd4 cxd4 38. Kh3 Kg7 39. Bxh5
Be7 40. Be2 Kh6 1/2-1/2

[Event "GBR-ch108 Major Open"]
[Site "Torquay"]
[Date "2022.08.19"]
[Round "7"]
[White "Kumar, Sanjit S"]
[Black "Duke, Dillan"]
[Result "1/2-1/2"]
[WhiteElo "1534"]
[BlackElo "1237"]
[PlyCount "90"]
[EventDate "2022.08.13"]
[EventType "swiss"]
[EventRounds "9"]
[EventCountry "GBR"]
[SourceTitle "BritBase"]
[Source "John Saunders"]
[SourceDate "2021.06.05"]
[SourceVersion "1"]
[SourceVersionDate "2021.06.05"]
[SourceQuality "1"]

1. d4 d5 2. c4 c6 3. cxd5 cxd5 4. Nc3 Nf6 5. Bf4 a6 6. e3 Nc6 7. Bd3 e6 8. Rc1
Be7 9. h3 O-O 10. Nf3 h6 11. O-O Bd6 12. Bxd6 Qxd6 13. Na4 Nd7 14. Bb1 f5 15.
Nd2 b6 16. f4 Bb7 17. a3 Rac8 18. Qe2 Ncb8 19. Qd3 g6 20. Nf3 Nf6 21. Ne5 Kh7
22. Qb3 Nbd7 23. Nxd7 Nxd7 24. Qd3 Rc7 25. Qd2 Rfc8 26. Nc3 Nf6 27. Ne2 Kg7 28.
Rxc7+ Rxc7 29. Rc1 Kf7 30. Rxc7+ Qxc7 31. Qc3 Qc6 32. Bd3 Qxc3 33. Nxc3 Nd7 34.
Kf2 Ke7 35. b4 Kf6 36. Bc2 Bc6 37. b5 Bxb5 38. Nxb5 axb5 39. Bd3 b4 40. axb4
Ke7 41. g4 Nf6 42. g5 Ng8 43. gxh6 Nxh6 44. Kg3 Nf7 45. h4 Nd6 1/2-1/2

[Event "GBR-ch108 Major Open"]
[Site "Torquay"]
[Date "2022.08.19"]
[Round "7"]
[White "Collins, Jonathan"]
[Black "Pert, Nina"]
[Result "1-0"]
[WhiteElo "1740"]
[BlackElo "1553"]
[PlyCount "139"]
[EventDate "2022.08.13"]
[EventType "swiss"]
[EventRounds "9"]
[EventCountry "GBR"]
[SourceTitle "BritBase"]
[Source "John Saunders"]
[SourceDate "2021.06.05"]
[SourceVersion "1"]
[SourceVersionDate "2021.06.05"]
[SourceQuality "1"]

1. e4 c6 2. Nf3 d5 3. Nc3 Bg4 4. h3 Bxf3 5. Qxf3 e6 6. d3 Nd7 7. Qg3 Ne7 8. Be2
Ng6 9. h4 h5 10. exd5 exd5 11. Bg5 Be7 12. Bxe7 Qxe7 13. O-O-O O-O-O 14. d4 Nf6
15. Bd3 Ne4 16. Qh2 Nd6 17. g3 Qf6 18. Rhe1 Rde8 19. Ne2 Ne4 20. f4 Re7 21.
Bxe4 Rxe4 22. f5 Qxf5 23. Rf1 Qg4 24. Nc3 Rxd4 25. Qf2 Rxd1+ 26. Rxd1 Rf8 27.
Qxa7 Qxg3 28. a4 Qxh4 29. a5 Qf4+ 30. Kb1 Qb8 31. Qc5 Qc7 32. Rg1 Re8 33. Na4
h4 34. Qa7 Qb8 35. Qc5 Re6 36. Rxg6 fxg6 37. Qf8+ Kc7 38. Qf7+ Kd6 39. Qf4+ Re5
40. Qb4+ Kc7 41. Qb6+ Kc8 42. a6 bxa6 43. Qxc6+ Kd8 44. Nc5 Ke7 45. Qxg6 Re1+
46. Ka2 Qg3 47. Qc6 Qd6 48. Qb7+ Kf6 49. Qb4 g5 50. Ne4+ dxe4 51. Qxd6+ Kf5 52.
Qf8+ Kg6 53. Qf2 Rh1 54. Qg2 Re1 55. Qf2 Rh1 56. c4 h3 57. c5 g4 58. c6 Rc1 59.
c7 Rxc7 60. Qb6+ Kf5 61. Qxc7 e3 62. Qg3 e2 63. Qf2+ Kg5 64. Qxe2 g3 65. Qe3+
Kg4 66. Qe4+ Kg5 67. Qf3 g2 68. Qg3+ Kf6 69. Kb3 Ke7 70. Kc2 1-0

[Event "GBR-ch108 Major Open"]
[Site "Torquay"]
[Date "2022.08.19"]
[Round "7"]
[White "Cordova-Lopez, Diego Anton"]
[Black "Kumar, Soham"]
[Result "1/2-1/2"]
[WhiteElo "1471"]
[BlackElo "1368"]
[PlyCount "128"]
[EventDate "2022.08.13"]
[EventType "swiss"]
[EventRounds "9"]
[EventCountry "GBR"]
[SourceTitle "BritBase"]
[Source "John Saunders"]
[SourceDate "2021.06.05"]
[SourceVersion "1"]
[SourceVersionDate "2021.06.05"]
[SourceQuality "1"]

1. e4 c5 2. Nf3 g6 3. d4 cxd4 4. Nxd4 Nc6 5. c4 Bg7 6. Be3 Nh6 7. Nc3 O-O 8.
Be2 f5 9. f3 d6 10. Qd2 Nxd4 11. Bxd4 e5 12. Bf2 a6 13. Rd1 Nf7 14. Nd5 Be6 15.
Nb6 Rb8 16. Qc2 fxe4 17. fxe4 Qc7 18. O-O Nd8 19. c5 dxc5 20. Qxc5 Qxc5 21.
Bxc5 Rxf1+ 22. Kxf1 Nc6 23. Bc4 Bxc4+ 24. Nxc4 b5 25. Nb6 Nd4 26. b4 Rb7 27.
Nd5 Bf8 28. Bxd4 exd4 29. Rxd4 Kf7 30. Ke2 Ke6 31. Rd2 Ke5 32. Kd3 a5 33. bxa5
Ra7 34. Rf2 Bc5 35. Rc2 Bd6 36. Rc8 Ba3 37. Re8+ Kd6 38. Rd8+ Ke5 39. Nc3 Rxa5
40. Rd5+ Ke6 41. Rxb5 Ra7 42. Ne2 Bd6 43. Nd4+ Kd7 44. e5 Bc7 45. Rd5+ Ke8 46.
Nb5 Rb7 47. Nxc7+ Rxc7 48. Rb5 Ra7 49. Rb2 Ra4 50. Re2 Ke7 51. Kc3 Ke6 52. Kb3
Ra8 53. a4 Rb8+ 54. Kc4 Rc8+ 55. Kb5 Rb8+ 56. Kc6 Ra8 57. Re4 Kf5 58. Kb7 Ra5
59. Kb6 Ra8 60. Re2 Ke6 61. a5 Rb8+ 62. Kc7 Ra8 63. Ra2 Kxe5 64. a6 Kd5 1/2-1/2

[Event "GBR-ch108 Major Open"]
[Site "Torquay"]
[Date "2022.08.19"]
[Round "7"]
[White "Menadue, Jeremy F S"]
[Black "Burton, Nick"]
[Result "0-1"]
[WhiteElo "2008"]
[BlackElo "1740"]
[PlyCount "86"]
[EventDate "2022.08.13"]
[EventType "swiss"]
[EventRounds "9"]
[EventCountry "GBR"]
[SourceTitle "BritBase"]
[Source "John Saunders"]
[SourceDate "2021.06.05"]
[SourceVersion "1"]
[SourceVersionDate "2021.06.05"]
[SourceQuality "1"]

1. d4 Nf6 2. c4 g6 3. Nc3 Bg7 4. e4 d6 5. f3 O-O 6. Bg5 Nc6 7. Nge2 a6 8. Qd2
Rb8 9. h4 h5 10. O-O-O b5 11. Bh6 bxc4 12. Bxg7 Kxg7 13. g4 Bxg4 14. fxg4 Nxg4
15. Ng3 e5 16. d5 Nd4 17. Qg5 Qxg5+ 18. hxg5 Nf2 19. Bxc4 Nxh1 20. Nxh1 a5 21.
b3 f6 22. gxf6+ Rxf6 23. Rg1 Kh6 24. Nd1 Rbf8 25. Bd3 h4 26. Kb2 Kh5 27. Ka3
Rf3 28. Bc4 g5 29. Ka4 g4 30. Kxa5 Ra8+ 31. Ba6 g3 32. Nb2 Kg4 33. Nc4 h3 34.
Nd2 g2 35. Nxf3 Nxf3 36. Nf2+ Kg3 37. Nxh3 Kxh3 38. Rc1 g1=Q 39. Rxg1 Nxg1 40.
a4 Ne2 41. b4 Nc3 42. b5 Nxe4 43. Kb4 Nc5 0-1

[Event "GBR-ch108 Major Open"]
[Site "Torquay"]
[Date "2022.08.19"]
[Round "7"]
[White "Wheeler, James M"]
[Black "Davis, Timothy"]
[Result "1/2-1/2"]
[WhiteElo "1791"]
[BlackElo "1660"]
[PlyCount "76"]
[EventDate "2022.08.13"]
[EventType "swiss"]
[EventRounds "9"]
[EventCountry "GBR"]
[SourceTitle "BritBase"]
[Source "John Saunders"]
[SourceDate "2021.06.05"]
[SourceVersion "1"]
[SourceVersionDate "2021.06.05"]
[SourceQuality "1"]

1. e4 c6 2. d4 d5 3. exd5 cxd5 4. Bd3 Nc6 5. c3 Nf6 6. h3 e6 7. Bf4 Bd6 8. Bxd6
Qxd6 9. Nf3 O-O 10. O-O Ne4 11. c4 Bd7 12. c5 Qf4 13. Qc1 Qf6 14. Qe3 Qg6 15.
Ne5 Nxe5 16. dxe5 Qg5 17. f4 Qe7 18. Bxe4 dxe4 19. Nd2 Bc6 20. Rac1 Rfc8 21. b4
a5 22. a3 axb4 23. axb4 Ra4 24. Rb1 Bb5 25. Rfe1 Bd3 26. Rb2 b6 27. Nxe4 Bxe4
28. Qxe4 bxc5 29. Qc2 Qa7 30. Kh2 c4 31. Rd1 g6 32. Qc1 c3 33. Rc2 Rxb4 34. Rd3
Qa4 35. Kg3 Rcc4 36. Rf3 Qb5 37. Rcxc3 Rxc3 38. Qxc3 Rb2 1/2-1/2

[Event "GBR-ch108 Major Open"]
[Site "Torquay"]
[Date "2022.08.19"]
[Round "7"]
[White "Young, Daniel J"]
[Black "Li, Ethan"]
[Result "0-1"]
[WhiteElo "1810"]
[BlackElo "1553"]
[PlyCount "86"]
[EventDate "2022.08.13"]
[EventType "swiss"]
[EventRounds "9"]
[EventCountry "GBR"]
[SourceTitle "BritBase"]
[Source "John Saunders"]
[SourceDate "2021.06.05"]
[SourceVersion "1"]
[SourceVersionDate "2021.06.05"]
[SourceQuality "1"]

1. e4 c5 2. Nf3 Nc6 3. d4 cxd4 4. Nxd4 Qc7 5. Nc3 e6 6. Be3 a6 7. Qf3 Bd6 8.
O-O-O Be5 9. Qe2 Nge7 10. g3 b5 11. f4 Bxd4 12. Bxd4 Nxd4 13. Rxd4 Bb7 14. Bg2
O-O 15. Rhd1 Bc6 16. Qd2 f6 17. h4 Rab8 18. h5 b4 19. Ne2 a5 20. h6 g6 21. Kb1
d5 22. exd5 Bxd5 23. Bxd5 Nxd5 24. Rxd5 exd5 25. Qxd5+ Qf7 26. Qxa5 Ra8 27. Qd5
Qxd5 28. Rxd5 Rad8 29. Rxd8 Rxd8 30. Kc1 Kf7 31. b3 Ke6 32. Kb2 Kf5 33. Nc1 Kg4
34. Nd3 Kxg3 35. Nxb4 Kxf4 36. c4 g5 37. c5 g4 38. c6 g3 39. c7 Rc8 40. Nd5+
Kf3 41. b4 g2 42. b5 g1=Q 43. b6 Qd4+ 0-1

[Event "GBR-ch108 Major Open"]
[Site "Torquay"]
[Date "2022.08.19"]
[Round "7"]
[White "McKay, Jonathan"]
[Black "Miller, George"]
[Result "1-0"]
[WhiteElo "1636"]
[BlackElo "1783"]
[PlyCount "79"]
[EventDate "2022.08.13"]
[EventType "swiss"]
[EventRounds "9"]
[EventCountry "GBR"]
[SourceTitle "BritBase"]
[Source "John Saunders"]
[SourceDate "2021.06.05"]
[SourceVersion "1"]
[SourceVersionDate "2021.06.05"]
[SourceQuality "1"]

1. e4 d5 2. exd5 Nf6 3. Bb5+ Nbd7 4. d4 Nxd5 5. Nf3 e6 6. O-O Bd6 7. c4 N5f6 8.
Nc3 c6 9. Ba4 O-O 10. Bg5 h6 11. Bh4 Qc7 12. Bc2 Re8 13. Qd3 b6 14. Rfe1 Bb7
15. Ne4 Nxe4 16. Qxe4 f5 17. Qe3 Nf8 18. c5 Bf4 19. Qb3 Kh8 20. Bg3 Bxg3 21.
hxg3 Rad8 22. Re3 Bc8 23. Rae1 Rd5 24. Qc3 bxc5 25. dxc5 f4 26. gxf4 Qxf4 27.
Re4 Qf6 28. Ne5 Nd7 29. Rf4 Rxe5 30. Rxf6 Rxe1+ 31. Qxe1 Nxf6 32. Qa5 e5 33.
Qxa7 Be6 34. a4 e4 35. Qc7 Bd5 36. a5 e3 37. fxe3 Rxe3 38. a6 Bc4 39. a7 Re1+
40. Kh2 1-0

[Event "GBR-ch108 Major Open"]
[Site "Torquay"]
[Date "2022.08.19"]
[Round "7"]
[White "Dasgupta, Avyukt"]
[Black "Sanger, Jake M"]
[Result "0-1"]
[WhiteElo "1570"]
[BlackElo "1639"]
[PlyCount "85"]
[EventDate "2022.08.13"]
[EventType "swiss"]
[EventRounds "9"]
[EventCountry "GBR"]
[SourceTitle "BritBase"]
[Source "John Saunders"]
[SourceDate "2021.06.05"]
[SourceVersion "1"]
[SourceVersionDate "2021.06.05"]
[SourceQuality "1"]

1. d4 Nf6 2. Bf4 g6 3. Nf3 Bg7 4. Nbd2 d5 5. e3 O-O 6. Be2 c5 7. c3 Nc6 8. h3
Qb6 9. Qb3 c4 10. Qa3 Re8 11. b3 cxb3 12. Qxb3 Qd8 13. O-O Na5 14. Qc2 Bf5 15.
Bd3 Bxd3 16. Qxd3 Rc8 17. Rfc1 Qd7 18. Ne5 Qa4 19. Nb3 Ne4 20. Nxa5 Qxa5 21. c4
b6 22. cxd5 Qxd5 23. Rc2 Bxe5 24. Bxe5 Nd6 25. Rac1 Rxc2 26. Qxc2 f6 27. Bxd6
Qxd6 28. Qc6 Qxc6 29. Rxc6 Kf7 30. a4 Rb8 31. a5 b5 32. a6 Ke8 33. Kf1 Kd7 34.
Rc1 Rb6 35. Ra1 b4 36. Ke2 Kc6 37. Ra5 Rb5 38. Ra2 Kb6 39. Kd3 Ra5 40. Rxa5
Kxa5 41. Kc4 Ka4 42. Kc5 b3 43. Kc6 0-1